000 00950nam a2200241 i 4500
001 65216
003 ES-MaACL
005 20250819063044.0
007 t|
008 040109m19031911fr |||| | fre d
100 0 _aFrazer, James George,
_cSir,
_d1854-1941
_952400
245 1 3 _aLa rameau d'or
_b: étude sur la magie et la religion /
_cJames George Frazer ; traduit de l'anglais par R. Stiébel, J. Toutain.
260 _aParis :
_bSchleicher Fréres,
_c1903-11 (
_eTours :
_fArrault)
300 _a3 v. ;
_c23 cm.
505 8 _aContiene: I ;
_tMagie et religion: les tabous - II ;
_tLes maurtres rituels; Périls et transmigrations de l'ame - III ;
_tLes cultes agraries et silvestres
650 0 4 _aMagia.
_914729
650 0 7 _aReligiones primitivas
_2embne
_916825
650 4 _aMitología.
_915092
700 1 _aStiébel, R.
_9108201
700 1 _aToutain, J.
_9111164
852 _aES-MaACL
_jF-8390-92
999 _c65216
_d65216